000 00525nam a2200181Ia 4500
003 LK-CoDNM
008 010623t2001 xxu||||| |||| 00| 1 sin d
040 _aLK-CoDNM
_dLK-CoDNM
_eLK-CoDNM
041 _asin
080 _a781
_bEPI
100 _aEpitawala, Premakumara
245 _aනැටුමි උපත සහ සිංහල ඉඟිනළුව
246 _aNetum upatha saha sinhala iginaluva
260 _bVishvaleka prakashana
_aRathmalana
_c2001
300 _b87, 22 cm
650 _aMusic
942 _cBK
999 _c121249
_d121249